[Event "Junior Online 4NCL Division 5"]
[Site "online"]
[Date "2020.05.21"]
[Round "6.133"]
[White "Carton, John"]
[Black "Syposz, Adam"]
[Result "0-1"]
[WhiteElo "716"]
[BlackElo "1337"]
[PlyCount "118"]
[EventDate "2020.05.21"]
[WhiteTeam "Gonzaga College SJ D"]
[BlackTeam "Cambridge Chess & Go B"]

1. e4 e5 2. Nf3 d6 3. Nc3 Bg4 4. Bc4 Be7 5. h3 Bh5 6. d3 Bh4 7. O-O Be7 8. Bd2
Nf6 9. Re1 O-O 10. a3 Nc6 11. Nd5 Nxd5 12. Bxd5 Nd4 13. g4 Nxf3+ 14. Qxf3 Bg6
15. c3 Bh4 16. Rf1 Qf6 17. Qxf6 Bxf6 18. Rad1 h5 19. Bc1 hxg4 20. hxg4 c6 21.
Bb3 Rfd8 22. f3 d5 23. exd5 cxd5 24. Be3 e4 25. dxe4 dxe4 26. Rxd8+ Rxd8 27.
fxe4 Bxe4 28. Bxa7 Bd3 29. Rf2 Ba6 30. Bc5 Rc8 31. Bb6 Rc6 32. Be3 Rc8 33. Bd5
Rd8 34. Bb3 Kf8 35. Bc5+ Kg8 36. Be3 Re8 37. Bc5 Re1+ 38. Kg2 Re8 39. Ba4 Rc8
40. Be3 Rc4 41. Bb3 Rxg4+ 42. Kh3 Rg6 43. Bc5 Rg5 44. Kh2 Rxc5 45. Re2 Bxe2 46.
Kg3 Rb5 47. Ba4 Rxb2 48. Kf2 Bb5+ 49. Ke3 Bxa4 50. Kd3 g5 51. c4 g4 52. c5 g3
53. c6 bxc6 54. Kc4 g2 55. Kc5 g1=Q+ 56. Kd6 Qd1+ 57. Kc5 Rc2+ 58. Kb4 Qb1+ 59.
Ka5 Qb5# 0-1

[Event "Junior Online 4NCL Division 5"]
[Site "online"]
[Date "2020.05.21"]
[Round "6.134"]
[White "Wan, Qiao"]
[Black "Shelley, Bill"]
[Result "0-1"]
[WhiteElo "1082"]
[BlackElo "392"]
[PlyCount "66"]
[EventDate "2020.05.21"]
[WhiteTeam "Cambridge Chess & Go B"]
[BlackTeam "Gonzaga College SJ D"]

1. e4 e5 2. Nf3 Nc6 3. Nc3 Nf6 4. Bc4 Bb4 5. d3 O-O 6. Bd2 Bxc3 7. Bxc3 d5 8.
exd5 Nxd5 9. Bxd5 Qxd5 10. O-O e4 11. dxe4 Qxe4 12. Ng5 Qe7 13. Qg4 Bxg4 14.
Bd2 f6 15. Rfe1 Qc5 16. Ne4 Qf5 17. Ng3 Qxc2 18. Rac1 Qxd2 19. Rb1 Rfe8 20.
Rxe8+ Rxe8 21. h3 Bh5 22. Nxh5 Re1+ 23. Rxe1 Qxe1+ 24. Kh2 Qxf2 25. Nf4 Qxb2
26. a4 Qe5 27. g3 g5 28. Ne2 Qxe2+ 29. Kg1 f5 30. g4 fxg4 31. hxg4 Nd4 32. Kh1
Nf3 33. a5 Qh2# 0-1

[Event "Junior Online 4NCL Division 5"]
[Site "online"]
[Date "2020.05.21"]
[Round "6.135"]
[White "Xu, Jiarui"]
[Black "Flinn, David"]
[Result "1-0"]
[WhiteElo "1420"]
[BlackElo "762"]
[PlyCount "141"]
[EventDate "2020.05.21"]
[WhiteTeam "Cambridge Chess & Go B"]
[BlackTeam "Gonzaga College SJ D"]

1. e4 e5 2. Nf3 Nc6 3. Bc4 Bc5 4. d3 Nf6 5. O-O d6 6. Nc3 Be6 7. Bxe6 fxe6 8.
h3 Nd4 9. Nxd4 exd4 10. Ne2 O-O 11. Bg5 h6 12. Bxf6 Qxf6 13. f4 Qe7 14. a3 e5
15. f5 a6 16. Kh2 Rf7 17. Qd2 Bb6 18. Rf3 Kf8 19. a4 a5 20. b3 c5 21. Raf1 Bd8
22. g3 Qd7 23. h4 Bf6 24. Ng1 Ke7 25. Nh3 b6 26. Nf2 Kd8 27. Nd1 Kc7 28. Nb2
Rb8 29. Nc4 d5 30. exd5 Qxd5 31. Kh3 Kb7 32. g4 Qd8 33. Qg2 Ka6 34. R3f2 Qe7
35. h5 Bg5 36. Qc6 Rf6 37. Qb5+ Ka7 38. Re1 Qc7 39. Rxe5 Qc6 40. Re7+ Rb7 41.
Qxc6 Rxc6 42. Rxb7+ Kxb7 43. Re2 Kc7 44. Kg2 Kd7 45. Ne5+ Kd6 46. Nxc6 Kxc6 47.
Re6+ Kb7 48. Kf3 Bf6 49. Ke4 Kc7 50. Kd5 Kd7 51. Rxb6 Kc7 52. Rc6+ Kd7 53. Kxc5
Be7+ 54. Kxd4 Bf6+ 55. Kc5 Be7+ 56. Kb5 Bf8 57. Ra6 Bb4 58. Rxa5 Bxa5 59. Kxa5
Kc6 60. c4 Kc5 61. b4+ Kc6 62. d4 Kd6 63. b5 Kc7 64. c5 Kb7 65. d5 Ka7 66. b6+
Kb7 67. c6+ Kc8 68. d6 Kd8 69. b7 g6 70. hxg6 Ke8 71. b8=Q# 1-0

[Event "Junior Online 4NCL Division 5"]
[Site "online"]
[Date "2020.05.21"]
[Round "6.136"]
[White "Conway, Tom"]
[Black "Ke, Kevin"]
[Result "1-0"]
[WhiteElo "747"]
[BlackElo "1345"]
[PlyCount "107"]
[EventDate "2020.05.21"]
[WhiteTeam "Gonzaga College SJ D"]
[BlackTeam "Cambridge Chess & Go B"]

1. d4 d5 2. Bf4 Nc6 3. e3 Nf6 4. c4 dxc4 5. Bxc4 Bf5 6. Nc3 e6 7. Nf3 Bb4 8.
O-O O-O 9. Rc1 a6 10. d5 exd5 11. Nxd5 Nxd5 12. Bxd5 Ra7 13. Bxc6 bxc6 14. Rxc6
Qxd1 15. Rxd1 Rc8 16. Rdc1 Bd6 17. Bxd6 h6 18. Rxc7 Raxc7 19. Rxc7 Rd8 20. Bb4
Rb8 21. Bc3 Bg4 22. h3 Bxf3 23. gxf3 Kh7 24. Rxf7 Rb5 25. Rxg7+ Kh8 26. Rb7+
Kg8 27. Rxb5 axb5 28. b3 Kf7 29. a4 bxa4 30. bxa4 Ke7 31. a5 Kd7 32. Kg2 Kc7
33. Kg3 Kb7 34. Kh4 Ka6 35. Kh5 Kb7 36. Kxh6 Ka6 37. Kg6 Ka7 38. h4 Ka6 39. h5
Ka7 40. h6 Ka6 41. h7 Ka7 42. h8=Q Ka6 43. Qf6+ Ka7 44. Qe7+ Ka6 45. Bd4 Kxa5
46. Qb7 Ka4 47. Ba7 Ka3 48. Qb5 Ka2 49. Qb4 Ka1 50. Kf5 Ka2 51. Ke4 Ka1 52. Kd3
Ka2 53. Kc2 Ka1 54. Qb2# 1-0

[Event "Junior Online 4NCL Division 5"]
[Site "online"]
[Date "2020.05.21"]
[Round "6.137"]
[White "Syposz, Adam"]
[Black "Carton, John"]
[Result "1/2-1/2"]
[WhiteElo "1337"]
[BlackElo "716"]
[PlyCount "111"]
[EventDate "2020.05.21"]
[WhiteTeam "Cambridge Chess & Go B"]
[BlackTeam "Gonzaga College SJ D"]

1. e4 e6 2. Nf3 Nc6 3. Bb5 Bc5 4. O-O e5 5. h3 Nf6 6. d3 h6 7. Nc3 d6 8. Nd5
O-O 9. Nxf6+ Qxf6 10. Qe2 Qg6 11. Kh2 Nd4 12. Nxd4 Bxd4 13. c3 Bb6 14. Be3 Bxe3
15. Qxe3 c6 16. Bc4 b5 17. Bb3 Bd7 18. Qg3 Qxg3+ 19. Kxg3 Rac8 20. f4 exf4+ 21.
Rxf4 g5 22. Rf6 d5 23. exd5 cxd5 24. Bxd5 Kg7 25. Ra6 Rc7 26. a4 bxa4 27. Bf3
Re8 28. Bd1 Re3+ 29. Kh2 Rxd3 30. Bxa4 Rd2 31. Bxd7 Rcxd7 32. Rxa7 Rxa7 33.
Rxa7 Rxb2 34. c4 Rc2 35. Ra4 f6 36. Kg3 Kf7 37. Kf3 Ke6 38. g3 Rc3+ 39. Kg4 Kf7
40. h4 Kg6 41. hxg5 hxg5 42. Kh3 Kf5 43. Ra5+ Kg6 44. Rc5 Kh5 45. Rc6 Kg6 46.
Kg4 Rd3 47. c5 Rd4+ 48. Kf3 Rd3+ 49. Kg4 Rd4+ 50. Kf3 Rd3+ 51. Kg4 Rc3 52. Rc7
Rc4+ 53. Kf3 Rc3+ 54. Kg4 Rc4+ 55. Kf3 Rc3+ 56. Kg4 1/2-1/2

[Event "Junior Online 4NCL Division 5"]
[Site "online"]
[Date "2020.05.21"]
[Round "6.138"]
[White "Shelley, Bill"]
[Black "Wan, Qiao"]
[Result "0-1"]
[WhiteElo "392"]
[BlackElo "1082"]
[PlyCount "105"]
[EventDate "2020.05.21"]
[WhiteTeam "Gonzaga College SJ D"]
[BlackTeam "Cambridge Chess & Go B"]

1. e4 e5 2. Nf3 Nc6 3. Nc3 Nf6 4. d4 exd4 5. Nxd4 Nxd4 6. Qxd4 Bd6 7. e5 Bxe5
8. Qxe5+ Kf8 9. Be3 Ng4 10. Qe4 Nf6 11. Qf5 d6 12. Qg5 h6 13. Qg3 d5 14. Qe5
Bd7 15. Nxd5 Nxd5 16. Qxd5 Bb5 17. Bxb5 Qxd5 18. O-O Qxb5 19. Rad1 Qc6 20. Rfe1
Qxc2 21. Rd2 Qg6 22. Bc5+ Kg8 23. Rde2 a6 24. Re8+ Rxe8 25. Rxe8+ Kh7 26. Rxh8+
Kxh8 27. Kf1 Qd3+ 28. Ke1 Qe4+ 29. Kf1 Qb1+ 30. Ke2 Qxb2+ 31. Kd3 Qe5 32. Bd4
Qxh2 33. Ke4 Qh4+ 34. Ke5 Qh2+ 35. Ke4 b5 36. Bb2 a5 37. Kd3 a4 38. a3 b4 39.
axb4 Qd6+ 40. Kc3 c5 41. bxc5 Qxc5+ 42. Kd2 Qb4+ 43. Kc2 Qc4+ 44. Bc3 a3 45. f3
a2 46. Kb2 Qe2+ 47. Kb3 Qd1+ 48. Kxa2 h5 49. Kb2 Qe2+ 50. Kc1 Qxg2 51. f4 Qf3
52. Kc2 Qxf4 53. Ba5 0-1

[Event "Junior Online 4NCL Division 5"]
[Site "online"]
[Date "2020.05.21"]
[Round "6.141"]
[White "Demyan, Leo"]
[Black "Deeke, James"]
[Result "0-1"]
[WhiteElo "1157"]
[BlackElo "1360"]
[PlyCount "92"]
[EventDate "2020.05.21"]
[WhiteTeam "Watford 4"]
[BlackTeam "Ojays G"]

1. d4 d5 2. Nc3 Nf6 3. Bf4 a6 4. Nf3 Bg4 5. Ne5 e6 6. Nxg4 Nxg4 7. e3 Nf6 8.
Bd3 h6 9. O-O c5 10. dxc5 Bxc5 11. Be5 Nc6 12. Bxf6 Qxf6 13. e4 Bd4 14. Qe1
Bxc3 15. bxc3 O-O 16. h3 Rfe8 17. Qb1 b5 18. Re1 Qxc3 19. exd5 exd5 20. Rxe8+
Rxe8 21. Qf1 Nb4 22. Rb1 Nxd3 23. cxd3 Qc2 24. Rc1 Qxa2 25. Kh2 Qe2 26. Qg1
Qxd3 27. Rd1 Qc4 28. f3 b4 29. Qb6 Qb5 30. Qd6 Qb8 31. Qxb8 Rxb8 32. Rxd5 b3
33. Rd1 b2 34. Rb1 a5 35. f4 a4 36. f5 a3 37. g4 a2 38. Rf1 a1=Q 39. Rf2 b1=Q
40. g5 Qh1+ 41. Kg3 Qag1+ 42. Rg2 Qgxg2+ 43. Kf4 Qxg5+ 44. Ke5 Qe1+ 45. Kd6
Qd8+ 46. Kc5 Qc1# 0-1

[Event "Junior Online 4NCL Division 5"]
[Site "online"]
[Date "2020.05.21"]
[Round "6.142"]
[White "Liu, Franklin"]
[Black "Khandelwal, Akshaj"]
[Result "1-0"]
[WhiteElo "1300"]
[BlackElo "1150"]
[PlyCount "129"]
[EventDate "2020.05.21"]
[WhiteTeam "Ojays G"]
[BlackTeam "Watford 4"]

1. e4 c6 2. d4 d5 3. Nc3 dxe4 4. Nxe4 Nd7 5. Nf3 Ngf6 6. Nxf6+ Nxf6 7. Bd3 Bg4
8. Be2 e6 9. h3 Bh5 10. Be3 Bd6 11. c3 O-O 12. O-O h6 13. Nd2 Bxe2 14. Qxe2 Qb6
15. Nf3 Qc7 16. Rfe1 Rfe8 17. Rad1 Bf4 18. Bxf4 Qxf4 19. Qe3 Qxe3 20. Rxe3 Rad8
21. Ne5 Nd7 22. Nxd7 Rxd7 23. Re5 Rd5 24. Rxd5 cxd5 25. Re1 Rc8 26. a3 Rc6 27.
Re2 Kf8 28. Kf1 Ke7 29. Ke1 Kd6 30. Kd2 Kc7 31. Kc1 Kb6 32. Re3 f5 33. b4 Kb5
34. g3 Ka4 35. Kb2 a5 36. h4 axb4 37. cxb4 Rc4 38. Rd3 g5 39. Rd2 gxh4 40. gxh4
Rc8 41. f3 Rg8 42. Re2 Rg3 43. Rxe6 Rxf3 44. Rxh6 Rxa3 45. Rb6 f4 46. Rxb7 f3
47. Ra7+ Kxb4 48. Rxa3 f2 49. Rf3 Kc4 50. Rxf2 Kxd4 51. Rd2+ Ke5 52. Kc3 Kf4
53. Rxd5 Kg4 54. Rd4+ Kh5 55. Kd3 Kh6 56. Rd5 Kh7 57. Rd6 Kh8 58. Rd7 Kg8 59.
Kd4 Kh8 60. Kd5 Kg8 61. Ke6 Kh8 62. Kf6 Kg8 63. h5 Kh8 64. Kg6 Kg8 65. Rd8# 1-0

[Event "Junior Online 4NCL Division 5"]
[Site "online"]
[Date "2020.05.21"]
[Round "6.143"]
[White "Shah, Prem"]
[Black "Webb, Tom"]
[Result "1/2-1/2"]
[WhiteElo "1022"]
[BlackElo "1285"]
[PlyCount "140"]
[EventDate "2020.05.21"]
[WhiteTeam "Watford 4"]
[BlackTeam "Ojays G"]

1. d4 d5 2. e4 e6 3. Nc3 Nf6 4. Bf4 Bb4 5. Nf3 dxe4 6. Ne5 e3 7. fxe3 Ne4 8.
Qd3 Nf6 9. O-O-O O-O 10. Be2 Nbd7 11. Nxd7 Bxd7 12. a3 Bd6 13. Bxd6 cxd6 14.
Ne4 Nxe4 15. Qxe4 d5 16. Qd3 Re8 17. e4 Rc8 18. exd5 exd5 19. Rhf1 Qg5+ 20. Kb1
Qxg2 21. Bf3 Qxh2 22. Rh1 Qf4 23. Bxd5 h6 24. Rhf1 Qd6 25. Bxf7+ Kf8 26. Bxe8+
Kxe8 27. Rde1+ Kd8 28. b4 a6 29. c4 b5 30. c5 Qd5 31. Rf8+ Kc7 32. Qg3+ Kb7 33.
Rxc8 Bxc8 34. Qxg7+ Kc6 35. Qxh6+ Kb7 36. Re7+ Kb8 37. Qb6+ Bb7 38. Rxb7+ Qxb7
39. Qd8+ Ka7 40. d5 Qh7+ 41. Kb2 Qh2+ 42. Kc3 Qg3+ 43. Kd2 Qxa3 44. Qb6+ Ka8
45. c6 Qxb4+ 46. Kc2 Qc4+ 47. Kb2 Qb4+ 48. Kc2 Qc4+ 49. Kd2 Qa2+ 50. Kd3 Qxd5+
51. Kc2 Qc4+ 52. Kd2 Qd5+ 53. Kc2 Qc4+ 54. Kd2 Qa2+ 55. Kc3 Qa3+ 56. Kd2 Qb2+
57. Kd3 Qb3+ 58. Kd4 Qb4+ 59. Kd5 Qd2+ 60. Ke6 Qe2+ 61. Kd7 Qg4+ 62. Kd6 Qg6+
63. Kc7 Qf7+ 64. Kd8 Qf8+ 65. Kd7 Qf7+ 66. Kc8 Qe8+ 67. Kc7 Qe7+ 68. Kc8 Qe8+
69. Kc7 Qe7+ 70. Kc8 Qe8+ 1/2-1/2

[Event "Junior Online 4NCL Division 5"]
[Site "online"]
[Date "2020.05.21"]
[Round "6.144"]
[White "Chen, Yourui"]
[Black "Arora, Aarav"]
[Result "1-0"]
[WhiteElo "1270"]
[BlackElo "1007"]
[PlyCount "43"]
[EventDate "2020.05.21"]
[WhiteTeam "Ojays G"]
[BlackTeam "Watford 4"]

1. e4 e5 2. Nf3 Nc6 3. d4 exd4 4. Nxd4 Nxd4 5. Qxd4 Nf6 6. Nc3 Be7 7. e5 Ng8 8.
Be3 d6 9. O-O-O Be6 10. Kb1 Qd7 11. Bb5 c6 12. Ba4 O-O-O 13. Qxa7 d5 14. Bb6
Bd6 15. Bxd8 Kxd8 16. exd6 Qxd6 17. Qa8+ Bc8 18. Qa5+ Ke8 19. Rhe1+ Ne7 20. Ne4
Qxh2 21. g3 dxe4 22. Qd8# 1-0

[Event "Junior Online 4NCL Division 5"]
[Site "online"]
[Date "2020.05.21"]
[Round "6.146"]
[White "Khandelwal, Akshaj"]
[Black "Liu, Franklin"]
[Result "1-0"]
[WhiteElo "1150"]
[BlackElo "1300"]
[PlyCount "213"]
[EventDate "2020.05.21"]
[WhiteTeam "Watford 4"]
[BlackTeam "Ojays G"]

1. d4 Nf6 2. Nf3 g6 3. Bg5 Bg7 4. e3 Nc6 5. c4 e6 6. Bd3 d6 7. Nc3 Bd7 8. O-O
O-O 9. h3 Ne7 10. d5 e5 11. Re1 Re8 12. Qb3 b6 13. Rad1 Nf5 14. Bxf5 Bxf5 15.
e4 Bd7 16. Nb5 Qb8 17. Nc3 Rf8 18. Na4 Ne8 19. Be7 Nf6 20. Bxf8 Kxf8 21. a3 Qe8
22. Nc3 a5 23. a4 Rc8 24. Nb5 Bxb5 25. Qxb5 Qd8 26. b4 Ra8 27. bxa5 Rxa5 28.
Qb3 Qa8 29. Ra1 Nd7 30. Ra3 Nc5 31. Qa2 Rxa4 32. Rxa4 Qxa4 33. Qxa4 Nxa4 34.
Ra1 Nc5 35. Re1 Bh6 36. h4 Nd3 37. Rd1 Nc5 38. Ra1 Nxe4 39. Ra7 Bc1 40. Rxc7
Ba3 41. Rc8+ Ke7 42. Rc7+ Ke8 43. Rc8+ Ke7 44. Rc7+ Kf8 45. Rc8+ Kg7 46. Rb8
Bc5 47. g3 Bxf2+ 48. Kg2 Bxg3 49. Rxb6 Bxh4 50. Nxh4 g5 51. Nf3 Kf6 52. Rb1 g4
53. Nh2 Nd2 54. Rc1 Kf5 55. c5 Ne4 56. cxd6 Nxd6 57. Rf1+ Ke4 58. Rd1 Kf4 59.
Kf2 g3+ 60. Kg2 gxh2 61. Kxh2 Ke4 62. Kh3 f5 63. Kg3 f4+ 64. Kf2 f3 65. Kf1 Ke3
66. Re1+ Kd4 67. Kf2 e4 68. Rd1+ Ke5 69. Ke3 h5 70. Kf2 h4 71. Kf1 h3 72. Kg1
Kf4 73. Kh2 Kg4 74. Rg1+ Kf4 75. Kxh3 f2 76. Rf1 Ke3 77. Kg2 Kd4 78. Rxf2 Kxd5
79. Re2 Kd4 80. Kf2 Kd3 81. Re1 Nc4 82. Rd1+ Nd2 83. Ke1 e3 84. Ra1 Nf3+ 85.
Kf1 e2+ 86. Kf2 Ke4 87. Ra4+ Ke5 88. Ra1 Kd4 89. Ra4+ Kd3 90. Ra3+ Kd2 91. Ra2+
Kd1 92. Rxe2 Nd2 93. Re8 Kc1 94. Ke2 Kc2 95. Rc8+ Nc4 96. Rxc4+ Kb3 97. Kd3 Kb2
98. Rc8 Kb3 99. Rb8+ Ka4 100. Kc3 Ka5 101. Kc4 Ka6 102. Rb1 Ka5 103. Rb2 Ka6
104. Kc5 Ka7 105. Kc6 Ka8 106. Kc7 Ka7 107. Ra2# 1-0

[Event "Junior Online 4NCL Division 5"]
[Site "online"]
[Date "2020.05.21"]
[Round "6.147"]
[White "Webb, Tom"]
[Black "Shah, Prem"]
[Result "1-0"]
[WhiteElo "1285"]
[BlackElo "1022"]
[PlyCount "99"]
[EventDate "2020.05.21"]
[WhiteTeam "Ojays G"]
[BlackTeam "Watford 4"]

1. e4 c6 2. Nc3 Nf6 3. e5 Nd5 4. Nxd5 cxd5 5. d4 e6 6. Nf3 Bb4+ 7. c3 Ba5 8.
Bb5 O-O 9. O-O Nc6 10. Re1 a6 11. Bd3 d6 12. Qe2 dxe5 13. b4 Bb6 14. Ng5 g6 15.
dxe5 d4 16. Qf3 dxc3 17. Qh3 h5 18. g4 Qd4 19. Be3 Qxg4+ 20. Qxg4 hxg4 21. Bxb6
Nxb4 22. Be4 f5 23. a3 fxe4 24. axb4 Bd7 25. Rac1 Rac8 26. Bc5 Rf5 27. Nxe4 Bc6
28. Nd6 Rcf8 29. Nxf5 Rxf5 30. Rxc3 b5 31. Rg3 Rg5 32. Be7 Rh5 33. Rxg4 Rh7 34.
Rxg6+ Kf7 35. Rf6+ Kxe7 36. Rc1 Rg7+ 37. Kf1 Bg2+ 38. Ke2 Be4 39. Rc7+ Kd8 40.
Rxg7 Ke8 41. Rxe6+ Kf8 42. Ra7 Bd5 43. Rb6 Bf7 44. Rb8+ Be8 45. Raa8 Kf7 46.
Rxe8 Kg6 47. Rxa6+ Kg7 48. Re7+ Kf8 49. Rb7 Ke8 50. Ra8# 1-0

[Event "Junior Online 4NCL Division 5"]
[Site "online"]
[Date "2020.05.21"]
[Round "6.148"]
[White "Arora, Aarav"]
[Black "Chen, Yourui"]
[Result "1-0"]
[WhiteElo "1007"]
[BlackElo "1270"]
[PlyCount "39"]
[EventDate "2020.05.21"]
[WhiteTeam "Watford 4"]
[BlackTeam "Ojays G"]

1. e4 e5 2. Nf3 Nc6 3. Bc4 Bc5 4. Nxe5 Nxe5 5. d4 Nc6 6. dxc5 Nf6 7. Nc3 Ne5 8.
Bb3 d6 9. cxd6 Qxd6 10. Qxd6 cxd6 11. O-O O-O 12. Bg5 h6 13. Bf4 Be6 14. Rad1
Bxb3 15. axb3 Rad8 16. Nd5 Nxd5 17. Rxd5 Rfe8 18. Rfd1 g5 19. Bxe5 Rxe5 20.
Rxe5 1-0

[Event "Junior Online 4NCL Division 5"]
[Site "online"]
[Date "2020.05.21"]
[Round "6.151"]
[White "Howett, Alex"]
[Black "Santhosh, Alwis Joe"]
[Result "0-1"]
[WhiteElo "1142"]
[BlackElo "1217"]
[PlyCount "72"]
[EventDate "2020.05.21"]
[WhiteTeam "Warwickshire Bears F"]
[BlackTeam "Ojays H"]

1. e4 e5 2. f4 d6 3. Bc4 Nf6 4. Nc3 c6 5. d3 a5 6. Nf3 b5 7. Bxb5 cxb5 8. Nxb5
Qb6 9. Nc3 Nbd7 10. fxe5 Ng4 11. d4 dxe5 12. Nd5 Qa7 13. Qd3 exd4 14. h3 Nge5
15. Nxe5 Nxe5 16. Qb5+ Bd7 17. Qe2 Bd6 18. Nf4 O-O 19. Bd2 Rfb8 20. O-O Bb5 21.
Qf2 Bxf1 22. Rxf1 d3 23. Kh1 Bc5 24. Qg3 dxc2 25. Rc1 Rxb2 26. Nd3 Nxd3 27. Bh6
g6 28. Qxd3 Rb1 29. Qc3 Bd4 30. Qxc2 Rxc1+ 31. Qxc1 Re8 32. Qg5 Bg7 33. Bxg7
Kxg7 34. Kh2 Rxe4 35. Kg3 Re3+ 36. Qxe3 Qxe3+ 0-1

[Event "Junior Online 4NCL Division 5"]
[Site "online"]
[Date "2020.05.21"]
[Round "6.152"]
[White "Wang, Yile"]
[Black "Vora, Ravi"]
[Result "1-0"]
[WhiteElo "1127"]
[BlackElo "1150"]
[PlyCount "139"]
[EventDate "2020.05.21"]
[WhiteTeam "Ojays H"]
[BlackTeam "Warwickshire Bears F"]

1. e4 e5 2. Nf3 Nc6 3. Bc4 Be7 4. O-O Nf6 5. Re1 O-O 6. Nc3 d6 7. d3 h6 8. d4
Bg4 9. d5 Na5 10. Qd3 Nxc4 11. Qxc4 Bxf3 12. gxf3 Nh7 13. Qf1 Bh4 14. Qg2 Kh8
15. Kh1 Rg8 16. Qg4 Bxf2 17. Re2 Bh4 18. Be3 Bg5 19. Bxg5 Qxg5 20. Qxg5 Nxg5
21. Rf2 Nh3 22. Rff1 Nf4 23. Nb5 c6 24. Nxd6 Rgf8 25. Nxb7 cxd5 26. exd5 Nxd5
27. c4 Ne3 28. Rfc1 Rab8 29. Rc3 Rxb7 30. Rxe3 f6 31. b3 Rd8 32. a4 a5 33. c5
Rbd7 34. c6 Rc7 35. Rc1 Rdc8 36. Rec3 g5 37. Kg2 Kh7 38. Kg3 Kg6 39. Kg4 f5+
40. Kg3 h5 41. h4 f4+ 42. Kh3 Kf5 43. hxg5 Kxg5 44. Rc5 Kf5 45. Rxa5 Rxc6 46.
Rxc6 Rxc6 47. b4 Rc3 48. b5 Rxf3+ 49. Kh4 e4 50. b6+ Kg6 51. b7 Rf1 52. Rg5+
Kf6 53. Kxh5 Rh1+ 54. Kg4 Rg1+ 55. Kxf4 Rxg5 56. b8=Q Rf5+ 57. Kxe4 Rh5 58.
Qd6+ Kg5 59. Qe5+ Kh6 60. Qxh5+ Kxh5 61. a5 Kg6 62. a6 Kf6 63. a7 Ke6 64. a8=Q
Kd6 65. Qd5+ Ke7 66. Ke5 Kf8 67. Qb7 Ke8 68. Ke6 Kf8 69. Kf6 Ke8 70. Qe7# 1-0

[Event "Junior Online 4NCL Division 5"]
[Site "online"]
[Date "2020.05.21"]
[Round "6.153"]
[White "Johal, Amraya K"]
[Black "Terrado, Rhianne"]
[Result "0-1"]
[WhiteElo "1075"]
[BlackElo "1120"]
[PlyCount "102"]
[EventDate "2020.05.21"]
[WhiteTeam "Warwickshire Bears F"]
[BlackTeam "Ojays H"]

1. e4 e5 2. Nc3 Bc5 3. Nf3 Nc6 4. Bb5 d6 5. Bxc6+ bxc6 6. d3 Bb6 7. O-O h6 8.
h3 Qf6 9. Qe2 Qg6 10. g4 Bd7 11. Nh4 Qf6 12. Be3 Bxe3 13. Qxe3 Qxh4 14. Qf3 h5
15. Qg3 Qg5 16. f4 exf4 17. Rxf4 Qc5+ 18. Kf1 Rb8 19. Rb1 Nf6 20. a3 g5 21.
Rxf6 h4 22. Qf3 Rf8 23. Qf2 Qe5 24. Rf3 Kd8 25. Qxa7 Rc8 26. d4 Qh2 27. Ke1
Qh1+ 28. Rf1 Qxh3 29. Qa4 Qg3+ 30. Kd1 Qxg4+ 31. Ke1 Qg3+ 32. Kd1 Bg4+ 33. Kd2
Qg2+ 34. Kc1 Qxf1+ 35. Kd2 Qf2+ 36. Kc1 Qe1+ 37. Nd1 Qe3+ 38. Nxe3 Bf3 39. Qxc6
h3 40. Kd2 h2 41. Nf5 g4 42. e5 Bxc6 43. exd6 cxd6 44. Nxd6 Rc7 45. Nf5 Rg8 46.
Rf1 Bg2 47. Rf2 h1=Q 48. Ne3 Be4 49. Nxg4 Rxg4 50. Re2 Rxc2+ 51. Ke3 Qf3# 0-1

[Event "Junior Online 4NCL Division 5"]
[Site "online"]
[Date "2020.05.21"]
[Round "6.156"]
[White "Vora, Ravi"]
[Black "Wang, Yile"]
[Result "1-0"]
[WhiteElo "1150"]
[BlackElo "1127"]
[PlyCount "55"]
[EventDate "2020.05.21"]
[WhiteTeam "Warwickshire Bears F"]
[BlackTeam "Ojays H"]

1. e4 e5 2. Bc4 Nf6 3. Nc3 Bc5 4. h3 c6 5. Nf3 d5 6. exd5 cxd5 7. Bb3 O-O 8.
Nxe5 Re8 9. O-O Nc6 10. Nxc6 bxc6 11. Ba4 Bb7 12. d4 Ba6 13. Bxc6 Bxf1 14. Bxa8
Bb5 15. Nxb5 Qb8 16. dxc5 Qxb5 17. Bxd5 Rd8 18. Bxf7+ Kxf7 19. Qxd8 Qxc5 20. c3
Ne4 21. Be3 Qe7 22. Qxe7+ Kxe7 23. Bxa7 Kf6 24. b4 Nxc3 25. Bd4+ Kg5 26. Bxc3
Kf5 27. Rd1 g5 28. b5 1-0

[Event "Junior Online 4NCL Division 5"]
[Site "online"]
[Date "2020.05.21"]
[Round "6.157"]
[White "Terrado, Rhianne"]
[Black "Johal, Amraya K"]
[Result "0-1"]
[WhiteElo "1120"]
[BlackElo "1075"]
[PlyCount "60"]
[EventDate "2020.05.21"]
[WhiteTeam "Ojays H"]
[BlackTeam "Warwickshire Bears F"]

1. e4 e5 2. Bc4 Nc6 3. d3 Nf6 4. Nc3 Bb4 5. Bd2 d6 6. a3 Bc5 7. Qe2 Bg4 8. Nf3
Bxf3 9. Qxf3 Qd7 10. Bg5 Nd4 11. Qd1 h6 12. Bd2 O-O-O 13. Be3 Ng4 14. Bxd4 Bxd4
15. Qd2 Qe7 16. Nd5 Qg5 17. Qe2 Bxb2 18. Rb1 Bxa3 19. c3 Bc5 20. Qb2 Bxf2+ 21.
Kd1 Ne3+ 22. Nxe3 Qxe3 23. Qxb7+ Kd7 24. Bb5+ Ke7 25. Qxc7+ Kf6 26. Rf1 Rc8 27.
Qb7 Rxc3 28. Rb2 Qc1+ 29. Ke2 Qxb2+ 30. Kd1 Rc1# 0-1

[Event "Junior Online 4NCL Division 5"]
[Site "online"]
[Date "2020.05.21"]
[Round "6.158"]
[White "Pal, Rhea"]
[Black "Rivera Machens, Rafael"]
[Result "1-0"]
[WhiteElo "985"]
[BlackElo "1067"]
[PlyCount "87"]
[EventDate "2020.05.21"]
[WhiteTeam "Warwickshire Bears F"]
[BlackTeam "Ojays H"]

1. e4 e5 2. Nf3 Nc6 3. Nc3 Bc5 4. Nxe5 d6 5. Nf3 Bg4 6. Be2 Nge7 7. O-O O-O 8.
d3 Nd4 9. Nxd4 Bxe2 10. Qxe2 Bxd4 11. Bg5 f6 12. Bh4 Ng6 13. Bg3 Be5 14. Bxe5
fxe5 15. Rad1 Nf4 16. Qg4 Qd7 17. Qxd7 Rfe8 18. Rfe1 Rad8 19. Qxc7 Rb8 20. Re3
g6 21. Qc4+ Re6 22. Nb5 Kg7 23. Qc7+ Kf8 24. Qxb8+ Kg7 25. Qxb7+ Kf8 26. Qxa7
Nh5 27. Rf3+ Nf4 28. g3 g5 29. gxf4 exf4 30. Rh3 h6 31. Nc7 Rg6 32. Re1 g4 33.
Rh5 g3 34. hxg3 fxg3 35. Ne6+ Rxe6 36. Rf5+ Kg8 37. fxg3 Rg6 38. Kg2 Kh8 39.
Rf8+ Rg8 40. Rxg8+ Kxg8 41. Rf1 h5 42. Rf7 h4 43. Rc7 hxg3 44. Rc8# 1-0

[Event "Junior Online 4NCL Division 5"]
[Site "online"]
[Date "2020.05.21"]
[Round "6.161"]
[White "Goldsmith, Henry"]
[Black "Hoccom, Sebastian"]
[Result "0-1"]
[WhiteElo "778"]
[BlackElo "900"]
[PlyCount "54"]
[EventDate "2020.05.21"]
[WhiteTeam "Rhydypenau Raiders"]
[BlackTeam "TSK Tigers B"]

1. e4 e5 2. Nf3 Nc6 3. Bc4 h6 4. Nc3 Nf6 5. d3 Bb4 6. Bd2 d6 7. O-O O-O 8. Nd5
Bxd2 9. Qxd2 Be6 10. Nxf6+ Qxf6 11. Bxe6 Qxe6 12. Rad1 Qxa2 13. c3 Qe6 14. b4
d5 15. d4 exd4 16. Nxd4 Nxd4 17. cxd4 dxe4 18. Rfe1 Rad8 19. Qd3 exd3 20. Re5
Qb3 21. Rde1 Qxb4 22. R5e4 d2 23. Rd1 Rxd4 24. Re2 a5 25. Rdxd2 Rxd2 26. Rxd2
Qb1+ 27. Rd1 Qxd1# 0-1

[Event "Junior Online 4NCL Division 5"]
[Site "online"]
[Date "2020.05.21"]
[Round "6.162"]
[White "Lewis, Evan"]
[Black "Morgan, Emyr"]
[Result "1-0"]
[WhiteElo "916"]
[BlackElo "757"]
[PlyCount "37"]
[EventDate "2020.05.21"]
[WhiteTeam "TSK Tigers B"]
[BlackTeam "Rhydypenau Raiders"]

1. e4 e5 2. Nf3 Nc6 3. d4 exd4 4. c3 dxc3 5. Nxc3 Nf6 6. e5 Ng4 7. Bf4 Bc5 8.
Bg3 O-O 9. Bd3 Nb4 10. O-O Nxd3 11. Qxd3 a5 12. Ne4 b6 13. Nxc5 bxc5 14. Rac1
Ba6 15. Qe4 Bxf1 16. Kxf1 Nh6 17. Bh4 Qb8 18. Ng5 f6 19. Qxh7# 1-0

[Event "Junior Online 4NCL Division 5"]
[Site "online"]
[Date "2020.05.21"]
[Round "6.163"]
[White "Greenman, Max"]
[Black "Choung, Ava Grace"]
[Result "1-0"]
[WhiteElo "561"]
[BlackElo "921"]
[PlyCount "87"]
[EventDate "2020.05.21"]
[WhiteTeam "Rhydypenau Raiders"]
[BlackTeam "TSK Tigers B"]

1. e4 e5 2. Nf3 Nc6 3. Bc4 Nf6 4. Nc3 Nxe4 5. Nxe4 d5 6. Qe2 dxc4 7. Qxc4 Be6
8. Qe2 Bc5 9. Nxc5 Bg4 10. O-O O-O 11. Qe4 Re8 12. Qxg4 b6 13. Nb7 Qe7 14. d3
Rab8 15. Bg5 f6 16. Bh6 g6 17. d4 f5 18. Qg5 Qxg5 19. Nxg5 Rxb7 20. c3 exd4 21.
Rfe1 Rd8 22. cxd4 Nxd4 23. Rad1 c5 24. Nf3 Nxf3+ 25. gxf3 Rxd1 26. Rxd1 Rb8 27.
Rd7 Kh8 28. Rxa7 Re8 29. Bd2 c4 30. Bc3+ Kg8 31. Rg7+ Kf8 32. Rxh7 g5 33. Bg7+
Kf7 34. Bd4+ Kg6 35. Rg7+ Kh6 36. Rb7 Re1+ 37. Kg2 f4 38. Rxb6+ Kh5 39. Kh3 g4+
40. fxg4+ Kg5 41. Bf6+ Kg6 42. Bc3+ Kg5 43. Bxe1 f3 44. Bd2# 1-0

[Event "Junior Online 4NCL Division 5"]
[Site "online"]
[Date "2020.05.21"]
[Round "6.164"]
[White "Osborne, Finn"]
[Black "Kong, Emma"]
[Result "0-1"]
[WhiteElo "742"]
[BlackElo "599"]
[PlyCount "42"]
[EventDate "2020.05.21"]
[WhiteTeam "TSK Tigers B"]
[BlackTeam "Rhydypenau Raiders"]

1. e4 e5 2. Nf3 Nc6 3. Bb5 Nf6 4. Nc3 a6 5. Bxc6 dxc6 6. d3 Bc5 7. O-O Bg4 8.
Bg5 Qd6 9. Qd2 O-O-O 10. Nh4 h6 11. Bxf6 Qxf6 12. Nf3 Bb4 13. a3 Bxc3 14. Qxc3
Rhe8 15. Rfe1 Re6 16. h3 Bh5 17. h4 g5 18. hxg5 hxg5 19. g3 Bxf3 20. Qd2 Qh6
21. Qe3 Qh1# 0-1